|
|
|
|
| LEADER |
01145nam a2200289 a 4500 |
| 001 |
2058506 |
| 008 |
090726s1998 enk 000 1 eng d |
| 010 |
|
|
|a 93161999
|
| 020 |
|
|
|a 1853267481
|
| 020 |
|
|
|a 0460871560
|
| 040 |
|
|
|a DLC
|c DLC
|d DLC
|
| 082 |
0 |
0 |
|a 823/.8
|2 20
|
| 100 |
1 |
|
|a Doyle, Arthur Conan,
|c Sir,
|d 1859-1930.
|
| 240 |
1 |
0 |
|a Adventures of Sherlock Holmes
|
| 245 |
1 |
4 |
|a The best of Sherlock Holmes /
|c Sir Arthur Conan Doyle, edited by David Stuart Davies.
|
| 260 |
|
|
|a London :
|b J.M. Dent ;
|a Rutland, Vt. :
|b C.E. Tuttle ;
|a Hertfordshire :
|b Wordsworth
|c 1998.
|
| 300 |
|
|
|a xvi, 397 p. ;
|c 20 cm.
|
| 490 |
0 |
|
|a Everyman's library
|
| 541 |
1 |
|
|e 00015879
|
| 650 |
|
0 |
|a Holmes, Sherlock (Fictitious character)
|x Fiction.
|
| 650 |
|
0 |
|a Private investigators
|z England
|x Fiction.
|
| 650 |
|
0 |
|a Detective and mystery stories, English.
|
| 700 |
1 |
|
|a Davies,David Stuart.
|
| 852 |
4 |
|
|a Ayesha Abed Library
|j General shelf
|
| 942 |
0 |
0 |
|0 1
|
| 999 |
|
|
|c 2881
|d 2881
|
| 952 |
|
|
|0 0
|1 0
|2 ddc
|4 0
|6 823_800000000000000_DOY_1998
|7 0
|9 12422
|a BRACUL
|b BRACUL
|c GEN
|d 2010-10-12
|l 38
|m 243
|o 823.8 DOY
|p 3010015879
|q 2026-06-02
|r 2026-04-18
|s 2026-04-18
|w 2010-10-12
|y BK
|